Little book of first stories

Bibliographic Details
Other Authors: Amery, Heather
Format: Book
Published: London : Usborne , 2002
Edition:Usborne miniature editions
Series:The Usborne
Subjects:

MARC

LEADER 00000cam a2200000 7i4500
001 0000003852
005 20151222.0
008 070720
020 |a 0746048467 
090 0 0 |a JF   |b ENG 
245 1 0 |a Little book of first stories   |c retold by Heather Amery; illustrated by Stephen Cartwright 
250 |a Usborne miniature editions 
260 |a London :   |b Usborne ,   |c 2002 
440 |a The Usborne 
500 |a Children ages 10-12 years old (pink) 
650 0 |a Classic tale 
650 0 |a Junior fiction   |x English   |x Languages 
700 1 |a Amery, Heather 
999 |a 0000973812   |b Book   |c Children Collection   |e Cawangan Tmn. Ungku Tun Aminah 
999 |a 0000973813   |b Book   |c Children Collection   |e Cawangan Batu Pahat 
999 |a 0000973814   |b Book   |c Children Collection   |e Cawangan Batu Pahat